|
|
|
|
| LEADER |
00909nam a2200229 a 4500 |
| 001 |
7311640 |
| 008 |
090827s1974 caua b 001 0 eng d |
| 020 |
|
|
|a 0884880192
|
| 040 |
|
|
|a GZI
|c GZI
|d ORU
|
| 082 |
0 |
0 |
|a 510/.7/12
|2 17
|
| 100 |
1 |
|
|a Willcutt, Robert E .
|
| 245 |
1 |
0 |
|a Multibase activities /
|c Robert E. Willcutt,Mark A. Spikell, Carole E. Greenes.
|
| 260 |
|
|
|a Palo Alto, Ca. :
|b Creative Publications,
|c 1974.
|
| 300 |
|
|
|a 149 p. :
|b ill. ;
|c 28 cm.
|
| 541 |
1 |
|
|e 00000968
|
| 650 |
|
0 |
|a Mathematics
|x Study and teaching
|
| 650 |
|
0 |
|a Numeration,
|x Study and teaching
|
| 700 |
1 |
|
|a Spikell, Mark A
|
| 700 |
1 |
|
|a Greenes, Carole E
|
| 852 |
4 |
|
|a Ayesha Abed Library
|j General shelf
|
| 999 |
|
|
|c 3928
|d 3928
|
| 952 |
|
|
|0 0
|1 0
|2 ddc
|4 0
|6 510_712000000000000_WIL_1974
|7 0
|8 NFIC
|9 3571
|a BRACUL
|b BRACUL
|c GEN
|d 2009-09-15
|g 0.00
|l 0
|o 510.712 WIL
|p 3010000968
|r 2009-09-15
|t 1
|w 2009-09-15
|y BK
|x No price found in the accession register.
|